00536nam a22001817a 450000500170000001000140001702000270003103500130005803700130007108200160008410000190010024500870011926000400020627000450024630000250029150000350031670000030035120100729124536.0 aENG-97310 a9788184840049c1100.00 aEN-80843 bDBAD/PUB a362.1091724 aHarinder Singh aHealth, nutrition and development :cby Harinder Singhbinternational experience / aNew DelhibRegal Publicationsc2009 aF-159, Rajouri GardenbNew Delhie110027 axi,303p.c22cm, (Hb) aincludes bibliograhy and index